| 000 | 00641cam a2200229 4500 | ||
|---|---|---|---|
| 008 | 011024n2001 000 0 eng u | ||
| 020 | _a0860175596 | ||
| 035 | _a(Sirsi) u115262 | ||
| 050 | _a693.5 | ||
| 100 | _aHarrison, T.A. | ||
| 245 | _aFreeze-thaw resisting concrete: Its achievement in the UK | ||
| 260 |
_aLondon _bCIRIA _c2001 |
||
| 300 | _a79p. ; 30cm. | ||
| 350 | _a40.00 | ||
| 490 |
_aCIRIA Publication _vC559 |
||
| 650 | _aCONCRETE | ||
| 650 | _aBUILT ENVIRONMENT-BUILDING MATERIALS | ||
| 690 | _aBUILDING AND CONSTRUCTION- MATERIALS AND PRODUCTS | ||
| 700 | _aDewar, J.D. | ||
| 700 | _aBrown, B.V. | ||
| 942 | _n0 | ||
| 999 |
_c101742 _d101742 |
||